Films de A à Z - Statistiques

Statistiques générales
  • Ce quiz a été pris 1 009 fois
  • Le résultat moyen est 16 sur 26
Statistiques - réponses
Lettres Indices Films % Correct
C Horreur - Clown Ça
95%
E Téléphone - Maison E.T
92%
R Voyage dans le temps Retour vers le futur
88%
H District - Jeu - Dernier survivant Hunger Games
84%
X Troupe - Super-héros X-Men
79%
B Philippe Lacheau - Caméra retrouvée Babysitting
77%
J Joaquin Phoenix - Murray Joker
77%
O Scientifique - Bombe Oppenheimer
76%
F Première Règle - Deuxième Règle Fight Club
72%
G Maximus - Joaquin Phoenix Gladiator
71%
Q Christian Clavier - Cultures Qu'est ce qu'on a fait au Bon Dieu ?
67%
V Lendemain de soirée - Black out Very Bad Trip
66%
S Tony Montana - Mafia Scarface
65%
L Shoah - Noir et blanc La Liste de Schindler
64%
I France Occupée - Brad Pitt - SS Inglourious Basterds
58%
P Coréen - Intrusion Parasite
56%
A Bradley Cooper - Irak American Sniper
54%
W Zombies - Brad Pitt World War Z
54%
D Esclave - Dentiste - DiCaprio Django Unchained
50%
N Colonie de vacances - Comédie française Nos jours heureux
48%
T Andrew Garfield - Guerre Tu ne tueras point
39%
Y Raphaël Quenard - Spectateur qui ne rit pas Yannick
37%
Z Tueur en série - Enquête - Dessinateur Zodiac
36%
M Comédie - Enfant - Voleurs Maman j'ai raté l'avion
32%
U Explosion - Gangsters - Fausses pistes Usual Suspects
28%
K DiCaprio - Tribu amérindienne - Pétrole Killers of the Flower Moon
27%
Aucun quiz correspondant
Distribution des résultats
% des personnes avec chaque résultat
Percentile par nombre de réponses
Votre historique - résultats
Vous n’avez pas pris ce quiz